| 000 | 00555nam a22001817a 4500 | ||
|---|---|---|---|
| 005 | 20251108165239.0 | ||
| 008 | 250721s9999 xx 000 0 ara d | ||
| 082 | 1 | 4 | _a956.05/برو |
| 100 | 1 | _aبروفنسال، ليفي | |
| 245 | 1 | 0 | _aحضارة العرب في الأندلس / |
| 264 | 1 |
_aبيروت : _bدار مكتبة الحياة، _c[19-]. |
|
| 300 | _a145ص | ||
| 650 | 1 | 7 | _aتاريخ الأندلس |
| 650 | 1 | 7 | _aالحضارة الإسلامية |
| 700 | 1 |
_aقرقوط، ذوقان _eترجمة |
|
| 942 |
_2ddc _cBK |
||
| 999 |
_c23148 _d23148 |
||